00482 a2200169 45000010006000000050017000060080041000230030015000640400040000790800033001192450052001522640037002043000019002410410008002601000026002687000018002946353720260407155934.0260407a1967 arg spa dAR-UNSa-BCEJYS aAR-UNSa-BCEJYSbspacAR-UNSa-BCEJYS a658.011.56xAutomatización10aEl tratamiento automático de la información 1aBilbao :bEdiciones Deustoc1967 a116 p.c21 cm. aspa1 aLittmann, Hans Eduard1 aSole, Rosario